000 01270cam a2200301 4500
001 J2746
008 090401t1994 xxu||||| |||| 00| 0 eng d
035 _a(Sirsi) u50986
041 _aeng
050 _a711.1
110 _aJournal of Planning and Environment Law
_92913
245 _aPlanning icons: myth and practice: papers from a conference held at Oxford, September 1994, organised by the Bar Council, the Law Society and the Royal Institution of Chartered Surveyors.
260 _aLondon
_bSweet & Maxwell
_c1994
300 _aii,109p. ; 25cm.
350 _a0
490 _aJournal of Planning and Environment Law Occasional Paper
_v22
520 _aPapers: - Policy, law and practice./ READ, L. & WOOD, M. - Planning in a rapidly changing economy./ TYM, R. - Mixed use development./ SIM, P. - The car versus mixed use development./ HILLS, P. - Green belt and rural economy./ CAPNER, G. - Vitality and viability of town centres./ SMITH, G.
650 _aBAR COUNCIL
650 _aGREEN BELT
650 _aLAW SOCIETY
650 _aMIXED-USE DEVELOPMENTS
650 _aPLANNING ICONS
650 _aROYAL INSTITUTION OF CHARTERED SURVEYORS
650 _aRURAL AREAS
690 _aPLANNING LAW AND PRACTICE
942 _n0
948 _c04/03/1997
999 _c92789
_d92789